000 00559nam a22001937a 4500
003 LK-CoDNM
005 20250102113742.0
008 250102b |||||||| |||| 00| 0 eng d
040 _aLK-CoDNM
_dLK-CoDNM
_eLK-CoDNM
041 _aeng
080 _a3
_bN19
100 _aCrotch,Robert,George
245 _aA Revision of The Coleopterous Family Coccinellidae
260 _aLondon
_bE.W Janson ,28, Museum street
_c1874
300 _axv, 311p ; 23cm
650 _aScience
650 _aA Revision of The Coleopterous Family Coccinellidae
942 _cBK
999 _c234588
_d234588